Vigencia del principio de irrenunciabilidad de derechos laborales ante el Servicio de Homologación de las Comisiones Médicas Jurisdiccionales (Registro nro. 18912)

Detalles MARC
000 -LEADER
fixed length control field 00414 a2200109 4500
001 - CONTROL NUMBER
control field ART_42621
005 - DATE AND TIME OF LATEST TRANSACTION
control field 20260410161743.0
008 - FIXED-LENGTH DATA ELEMENTS--GENERAL INFORMATION
fixed length control field 260409a
100 1# - MAIN ENTRY--PERSONAL NAME
Personal name Duarte, David
245 10 - TITLE STATEMENT
Title Vigencia del principio de irrenunciabilidad de derechos laborales ante el Servicio de Homologación de las Comisiones Médicas Jurisdiccionales
773 0# - HOST ITEM ENTRY
Title Doctrina laboral
Related parts - Nº 382 (jun. 2017)
Record control number REV4049

No hay ítems disponibles.